Statystyki dla Wszystkie flagi

Kliknij tutaj aby rozwiązać quiz!

Ogólne statystyki

  • Ten quiz został rozwiązany 41 razy
  • Średni wynik to 133 z 247

Statystyki odpowiedzi

Odpowiedź% Poprawnych
Andora
88%
Afganistan
82%
Argentyna
82%
Australia
82%
Austria
82%
Albania
79%
Zjednoczone emiraty arabskie
79%
Nowa Zelandia
76%
Antigua i Barbuda
73%
San Marino
73%
Stany Zjednoczone
73%
Anglia
70%
Armenia
70%
Belgia
70%
Bośnia i Hercegowina
70%
Chorwacja
70%
Cypr
70%
Egipt
70%
Indie
70%
Iran
70%
Korea Południowa
70%
Malta
70%
Meksyk
70%
Mołdawia
70%
Polska
70%
Serbia
70%
Walia
70%
Watykan
70%
Wielka Brytania
70%
Angola
67%
Bułgaria
67%
Chile
67%
Chiny
67%
Czarnogóra
67%
Czechy
67%
Dania
67%
Dominika
67%
Dominikana
67%
Ekwador
67%
Filipiny
67%
Finlandia
67%
Francja
67%
Grecja
67%
Gruzja
67%
Hiszpania
67%
Holandia
67%
Irak
67%
Islandia
67%
Izrael
67%
Japonia
67%
Kanada
67%
Katar
67%
Kosowo
67%
Litwa
67%
Łotwa
67%
Macedonia Północna
67%
Maroko
67%
Niemcy
67%
Peru
67%
Portugalia
67%
Rosja
67%
Rumunia
67%
Słowacja
67%
Szkocja
67%
Szwecja
67%
Turcja
67%
Ukraina
67%
Urugwaj
67%
Włochy
67%
Arabia Saudyjska
64%
Azerbejdżan
64%
Bangladesz
64%
Barbados
64%
Bhutan
64%
Białoruś
64%
Brazylia
64%
Estonia
64%
Etiopia
64%
Indonezja
64%
Irlandia
64%
Kazachstan
64%
Kenia
64%
Kolumbia
64%
Korea Północna
64%
Kostaryka
64%
Liechtenstein
64%
Monako
64%
Nepal
64%
Niger
64%
Norwegia
64%
Oman
64%
Słowenia
64%
Węgry
64%
Wietnam
64%
Wybrzeże kości słoniowej
64%
Zambia
64%
Ghana
61%
Gwinea
61%
Honduras
61%
Jamajka
61%
Kambodża
61%
Kamerun
61%
Kirgistan
61%
Kuba
61%
Liban
61%
Luksemburg
61%
Mongolia
61%
Mozambik
61%
Nigeria
61%
Pakistan
61%
Papua nowa gwinea
61%
Paragwaj
61%
Republika Południowej Afryki
61%
Sri Lanka
61%
Szwajcaria
61%
Tajlandia
61%
Tunezja
61%
Uganda
61%
Uzbekistan
61%
Wyspy Owcze
61%
Algieria
58%
Belize
58%
Boliwia
58%
Burkina Faso
58%
Burundi
58%
Demokratyczna Republika Konga
58%
Fidżi
58%
Haiti
58%
Kiribati
58%
Laos
58%
Madagaskar
58%
Malediwy
58%
Panama
58%
Salwador
58%
Samoa
58%
Senegal
58%
Tajwan
58%
Wenezuela
58%
Bahrajn
55%
Benin
55%
Brunei
55%
Grenada
55%
Gujana
55%
Kongo
55%
Lesotho
55%
Liberia
55%
Libia
55%
Malezja
55%
Nikaragua
55%
Rwanda
55%
Seszele
55%
Singapur
55%
Somalia
55%
Tadżykistan
55%
Tanzania
55%
Tonga
55%
Turkmenistan
55%
Bahamy
52%
Czad
52%
Dzibuti
52%
Grenlandia
52%
Gwatemala
52%
Gwinea Równikowa
52%
Jemen
52%
Komory
52%
Kuwejt
52%
Malawi
52%
Mikronezja
52%
Namibia
52%
Saint Kitts i Nevis
52%
Syria
52%
Trynidad i Tobago
52%
Wyspy Marshalla
52%
Zimbabwe
52%
Antarktyda
48%
Botswana
48%
Eswatini
48%
Gabon
48%
Gambia
48%
Gwinea Bissau
48%
Hongkong
48%
Mauretania
48%
Mauretania
48%
Nauru
48%
Palau
48%
Portoryko
48%
Republika Zielonego Przylądka
48%
Saint Lucia
48%
Saint Vincent i Grenadyny
48%
Timor Wschodni
48%
Togo
48%
Vanuatu
48%
Guam
45%
Jordania
45%
Mali
45%
Mjanma
45%
Republika Środkowoafrykańska
45%
Sierra Leone
45%
Sudan
45%
Surinam
45%
Wyspy Salomona
45%
Wyspy Swiętego Tomasza i Książeca
45%
Irlandia Północna
42%
Palestyna
42%
Sudan Południowy
42%
Tuvalu
42%
Wyspy Kokosowe
39%
Bermudy
36%
Makau
36%
Wyspy alandzkie
36%
Aruba
33%
Jersey
33%
Niue
33%
Nowa Kaledonia
33%
Polinezja Francuska
33%
Wyspa Man
33%
Wyspy Cooka
33%
Falklandy
30%
Mariany północne
30%
Samoa amerykańskie
30%
Anguilla
27%
Sahara Zachodnia
27%
Wyspa Bożego Narodzenia
27%
Brytyjskie wyspy dziewicze
24%
Guernsey
24%
Gwadelupa
24%
Mayotte
21%
Tokelau
21%
Turks i Caicos
21%
Wyspy dziewicze stanów zjednoczonych
21%
Bonaire
18%
Brytyjskie terytorium oceanu indyjskiego
18%
Georgia południowa i Sandwich południowy
18%
Kajmany
18%
Pitcairn
18%
Sint Maarten
18%
Wallis i Futuna
18%
Wyspa Norfolk
18%
Wyspa świętej Heleny
15%
Wyspa Wielkanocna
12%
Monsterrat
9%
Wyspy Heard i McDonald
9%
Curasao
3%
Eeytrea
3%
Francuskie terytoria arktyczne
0%
Gobraltar
0%
Reuniou
0%

Rozkład punktacji

Percentyl według liczby udzielonych odpowiedzi

Procent ludzi z każdym wynikiem

Twoja historia wyników

Nie rozwiązałeś tego quizu